Thermal environmental engineering (Record no. 13003)

000 -LEADER
fixed length control field 00498nam a2200193 4500
001 - CONTROL NUMBER
control field 13003
003 - CONTROL NUMBER IDENTIFIER
control field BD-DhUET
008 - FIXED-LENGTH DATA ELEMENTS--GENERAL INFORMATION
fixed length control field 700513s1970 njuad b 001 0 eng
020 ## - INTERNATIONAL STANDARD BOOK NUMBER
International Standard Book Number 139147217
040 ## - CATALOGING SOURCE
Original cataloging agency DLC
Transcribing agency DLC
Modifying agency BD-DhUET
082 ## - DEWEY DECIMAL CLASSIFICATION NUMBER
Classification number 697.93
Item number THR/1970
100 1# - MAIN ENTRY--PERSONAL NAME
Personal name Threlkeld, James L.
245 10 - TITLE STATEMENT
Title Thermal environmental engineering
250 ## - EDITION STATEMENT
Edition statement 2nd ed.
260 ## - PUBLICATION, DISTRIBUTION, ETC. (IMPRINT)
Place of publication, distribution, etc. New Jersey
Name of publisher, distributor, etc. Prentice-Hall
Date of publication, distribution, etc. 1970
300 ## - PHYSICAL DESCRIPTION
Extent xvi, 495 p.
Other physical details illus.
Dimensions 25 cm.
650 #0 - SUBJECT ADDED ENTRY--TOPICAL TERM
Topical term or geographic name as entry element Air Conditioning
942 ## - ADDED ENTRY ELEMENTS (KOHA)
Koha item type General Book
Holdings
Koha normalized classification for sorting Copy number Koha date last seen Damaged status Sublocation or collection (holding branch) Source of classification or shelving scheme Withdrawn status Koha full call number Date acquired Price effective from Shelving location Piece designation (barcode) Lost status Koha item type Location (home branch) Not for loan
697_930000000000000_THR_197012015-02-28 Central Library, BUET  697.93/THR/19702015-02-282015-02-28Circulation section47970 General BookCentral Library, BUET 
697_930000000000000_THR_197022015-02-28 Central Library, BUET  697.93/THR/19702015-02-282015-02-28Circulation section55662 General BookCentral Library, BUET 
697_930000000000000_THR_197032015-05-17 Central Library, BUET  697.93/THR/19702015-05-172015-05-17Circulation section17689 General BookCentral Library, BUET 
697_930000000000000_THR_197042015-05-17 Central Library, BUET  697.93/THR/19702015-05-172015-05-17Circulation section17690 General BookCentral Library, BUET 
697_930000000000000_THR_197052015-05-17 Central Library, BUET  697.93/THR/19702015-05-172015-05-17Circulation section17691 General BookCentral Library, BUET 
697_930000000000000_THR_197062015-05-17 Central Library, BUET  697.93/THR/19702015-05-172015-05-17Circulation section17692 General BookCentral Library, BUET 
697_930000000000000_THR_197072015-05-17 Central Library, BUET  697.93/THR/19702015-05-172015-05-17Circulation section17693 General BookCentral Library, BUET 
697_930000000000000_THR_197082015-05-17 Central Library, BUET  697.93/THR/19702015-05-172015-05-17Circulation section19442 General BookCentral Library, BUET 
697_930000000000000_THR_197092015-05-17 Central Library, BUET  697.93/THR/19702015-05-172015-05-17Circulation section25333 General BookCentral Library, BUET 
697_930000000000000_THR_1970102015-05-17 Central Library, BUET  697.93/THR/19702015-05-172015-05-17Circulation section25334 General BookCentral Library, BUET